书目信息 |
| 题名: |
制度设计与应用
|
|
| 作者: | ;劳动和社会保障部劳动工资研究所 , 劳动和社会保障部劳动工资司 , 劳动和社会保障部规划财务司 , 劳动和社会保障部信息中心 著 | |
| 分册: | ||
| 出版信息: | 北京 中国劳动社会保障出版社 2002.06 |
|
| 页数: | 331页 | |
| 开本: | 29cm | |
| 丛书名: | ||
| 单 册: | ||
| 中图分类: | F726.1 | |
| 科图分类: | ||
| 主题词: | 劳动市场--价格体系--研究 | |
| 电子资源: | ||
| ISBN: | 7-5045-3622-9 | |
| 000 | 01485nam0 2200289 450 | |
| 001 | 0107151400 | |
| 005 | 20050915112649.66 | |
| 010 | @a7-5045-3622-9@dCNY90.00 | |
| 100 | @a20040715d2002 km y0chiy0120 ea | |
| 101 | 0 | @achi |
| 102 | @aCN@b110000 | |
| 105 | @aa z 000yy | |
| 200 | 1 | @a制度设计与应用@Azhi du she ji yu ying yong@e劳动力市场工资指导价位和人工成本@f劳动和社会保障部劳动工资研究所 … [等] 著@Flao dong he she hui bao zhang bu lao dong gong zi yan jiu suo…[deng]zhu |
| 210 | @a北京@c中国劳动社会保障出版社@d2002.06 | |
| 215 | @a331页@c图@d29cm | |
| 300 | @a国家高技术应用部门发展项目 | |
| 304 | @a责任者还有 : 劳动和社会保障部劳动工资司、劳动和社会保障部规划财务司、劳动和社会保障部信息中心。 | |
| 330 | @a本书分为上、中、下三篇,介绍了指标体系研究;调查、汇总和分析方法研究;系统设计、开发与推广应用等内容。 | |
| 517 | 1 | @a劳动力市场工资指导价位和人工成本@Alao dong li shi chang gong zi zhi dao jia wei he ren gong cheng ben |
| 606 | 0 | @a劳动市场@x价格体系@x研究 |
| 690 | @aF726.1@v4 | |
| 711 | 02 | @a劳动和社会保障部劳动工资研究所@ALao Dong He She Hui Bao Zhang Bu Lao Dong Gong Zi Yan Jiu Suo@4著 |
| 711 | 02 | @a劳动和社会保障部劳动工资司@Alao dong he she hui bao zhang bu lao dong gong zi si@4著 |
| 711 | 02 | @a劳动和社会保障部规划财务司@Alao dong he she hui bao zhang bu gui hua cai wu si@4著 |
| 711 | 02 | @a劳动和社会保障部信息中心@Alao dong he she hui bao zhang bu xin xi zhong xin@4著 |
| 801 | 0 | @aCN@bQSSK@c20050915 |
| 905 | @a10447@dF726.1@eL059 | |
| 制度设计与应用:劳动力市场工资指导价位和人工成本/劳动和社会保障部劳动工资研究所 … [等] 著.-北京:中国劳动社会保障出版社,2002.06 |
| 331页:图;29cm |
| 国家高技术应用部门发展项目 |
| ISBN 7-5045-3622-9:CNY90.00 |
| 本书分为上、中、下三篇,介绍了指标体系研究;调查、汇总和分析方法研究;系统设计、开发与推广应用等内容。 |
| ● |
| 相关链接 |
|
|
|
正题名:制度设计与应用
索取号:F726.1/L059
 
预约/预借
| 序号 | 登录号 | 条形码 | 馆藏地/架位号 | 状态 | 备注 |
| 1 | 564919 | 205649191 | 社科库409/409社科库 95排4列2层/ [索取号:F726.1/L059] | 在馆 |